Pays présent a la cérémonie du centenaire de l'armistice 1918 - Statistiques

Statistiques générales
  • Ce quiz a été pris 22 fois
  • Le résultat moyen est 64 sur 81
Réponses sur la Carte
Les réponses sont colorées sur une échelle allant du rouge au vert en fonction du pourcentage des utilisateurs qui les ont devinées à leur premier essai. Vous pouvez retrouver ces pourcentages ci-dessous.
 
Statistiques - réponses
Réponse % Correct
Algerie
100%
Allemagne
100%
Australie
100%
Autriche
100%
Belgique
100%
Biélorussie
100%
Brésil
100%
Bulgarie
100%
Canada
100%
Chine
100%
États-Unis
100%
France
100%
Japon
100%
Portugal
100%
Russie
100%
Albanie
95%
Bosnie-Herzégovine
95%
Croatie
95%
Danemark
95%
Grèce
95%
Inde
95%
Irlande
95%
Italie
95%
Macédoine du Nord
95%
Maroc
95%
Norvège
95%
Pologne
95%
République Tchèque
95%
Roumanie
95%
Royaume-Uni
95%
Serbie
95%
Suède
95%
Suisse
95%
Turquie
95%
Ukraine
95%
Espagne
90%
Estonie
90%
Finlande
90%
Lettonie
90%
Lituanie
90%
Moldavie
90%
Monténégro
90%
Pays-Bas
90%
Slovaquie
90%
Slovénie
90%
Tunisie
90%
Afrique du Sud
85%
Islande
85%
Arménie
80%
Kosovo
80%
Luxembourg
80%
Nouvelle-Zélande
80%
Mali
75%
Malte
75%
Niger
75%
Azerbaïdjan
70%
Chypre
70%
Géorgie
70%
Monaco
70%
République du Congo
70%
Sénégal
70%
Israël
65%
Liban
65%
Mauritanie
65%
Côte d'Ivoire
60%
Madagascar
60%
Nigeria
55%
Tchad
55%
Vatican
50%
Burkina Faso
45%
Guinée
45%
Laos
45%
Thaïlande
45%
Cambodge
40%
Gabon
40%
République centrafricaine
40%
Kenya
35%
Rwanda
35%
Fidji
20%
Liberia
20%
Vanuatu
20%
Aucun quiz correspondant
Distribution des résultats
% des personnes avec chaque résultat
Percentile par nombre de réponses
Votre historique - résultats
Vous n’avez pas pris ce quiz